#punkipedia Members - Statistics

General Stats
  • This quiz has been taken 13 times
  • The average score is 6 of 12
Answer Stats
Roles Member % Correct
Admin, JPPM Stewart
91%
FC Nathaniel
64%
FC CringeDragon
55%
QM JetPunk
55%
FC UG332
55%
FC Yev
55%
FC OskarRB
36%
FC Railfan CreativeSWAT
36%
FC SaturnTheQuizzer
36%
none benzeller
27%
JPPM, FC IAmBad
27%
JPPM, FC Nikhaz
27%
No matching quizzes found
Score Distribution
Percent of People with Each Score
Percentile by Number Answered
Your Score History
You have not taken this quiz